[Event "San Cristobal op 3rd"]
[Site "San Cristobal"]
[Date "2016.11.13"]
[Round "7.6"]
[White "Alba Paredes, Jorge Andres"]
[Black "Mora Ramirez, Maximo Antonio"]
[Result "0-1"]
[WhiteElo "1937"]
[BlackElo "2006"]
[PlyCount "84"]
[EventDate "2016.11.10"]
[EventType "swiss"]
[EventRounds "7"]
[EventCountry "VEN"]
[SourceTitle "EXT 2022"]
[Source "ChessBase"]
[SourceDate "2021.10.06"]
[SourceVersion "1"]
[SourceVersionDate "2021.10.06"]
[SourceQuality "1"]

1. e4 c5 2. Nf3 e6 3. d4 cxd4 4. Nxd4 Nf6 5. Nc3 Qb6 6. Nb3 Bb4 7. Bd3 Bxc3+ 8. bxc3 d6 9. 0-0 Nbd7 10. Bf4 e5 11. Be3 Qc7 12. Qe1 b6 13. f3 0-0 14. Rd1 Bb7 15. c4 Ba6 16. Qb4 Rfc8 17. Nd2 Nc5 18. Kh1 Ne6 19. Rf2 Nh5 20. Qa3 Bb7 21. Nb3 Nf6 22. Bf1 Ne8 23. Rfd2 Bc6 24. Nc1 Qb7 25. Ne2 Qe7 26. Ng3 g6 27. Ne2 b5 28. Nc3 bxc4 29. Bxc4 N6c7 30. Bb3 Nb5 31. Nxb5 Bxb5 32. Rd5 a6 33. c4 Bxc4 34. Bxc4 Rxc4 35. Ra5 Rc6 36. Rad5 Qc7 37. Bd2 Rc2 38. Bb4 Qc4 39. Bxd6 Rxa2 40. Qe3 Nxd6 41. Rxd6 Qc7 42. Qg5 Qxd6 0-1

[Event "San Cristobal op 3rd"]
[Site "San Cristobal"]
[Date "2016.11.10"]
[Round "2"]
[White "Rojas, Ronal Jesus"]
[Black "Mora Ramirez, Maximo Antonio"]
[Result "1/2-1/2"]
[WhiteElo "1538"]
[BlackElo "2006"]
[PlyCount "67"]
[EventDate "2016.11.10"]
[EventType "swiss"]
[EventRounds "7"]
[EventCountry "VEN"]
[SourceTitle "EXT 2018"]
[Source "ChessBase"]
[SourceDate "2017.10.13"]
[SourceVersion "1"]
[SourceVersionDate "2017.10.13"]
[SourceQuality "1"]

1. d4 Nf6 2. c3 g6 3. Bg5 Bg7 4. Qc2 d6 5. e3 c5 6. h3 Qb6 7. Bd3 Nc6 8. Nf3 0-0 9. Nbd2 e5 10. dxe5 dxe5 11. 0-0 Be6 12. Rfd1 Qc7 13. e4 a6 14. a4 Na5 15. b4 cxb4 16. cxb4 Qxc2 17. Bxc2 Nc6 18. Rab1 Rac8 19. Bd3 h6 20. Be3 Rfd8 21. Be2 Nd4 22. Bxd4 exd4 23. b5 d3 24. Bf1 Ba2 25. Rbc1 axb5 26. axb5 Rxc1 27. Rxc1 Ne8 28. e5 Bd5 29. Rc3 Bxf3 30. gxf3 Bxe5 31. Rxd3 Rxd3 32. Bxd3 Nd6 33. Nc4 Nxc4 34. Bxc4 1/2-1/2

[Event "San Cristobal op 25th"]
[Site "San Cristobal"]
[Date "2015.02.06"]
[Round "4"]
[White "Mora Ramirez, Maximo Antonio"]
[Black "Vergara Duplaquet, Pablo Alejandro"]
[Result "0-1"]
[WhiteElo "2041"]
[BlackElo "2070"]
[PlyCount "66"]
[EventDate "2015.02.05"]
[EventType "swiss"]
[EventRounds "7"]
[EventCountry "VEN"]
[SourceTitle "CBM 165 Extra"]
[Source "ChessBase"]
[SourceDate "2015.04.21"]
[SourceVersion "1"]
[SourceVersionDate "2015.04.21"]
[SourceQuality "1"]

1. e4 e5 2. Nf3 d6 3. d4 Qe7 4. Nc3 c6 5. Bg5 Nf6 6. Be2 Nbd7 7. 0-0 h6 8. Bh4 g6 9. dxe5 dxe5 10. a3 Bg7 11. Nd2 0-0 12. Nc4 Rd8 13. Qd6 Qe8 14. Rfd1 g5 15. Bg3 Bf8 16. Qc7 Qe7 17. Nxe5 Ne8 18. Qa5 b6 19. Qa4 Nc5 20. Nxc6 Rxd1+ 21. Rxd1 Qb7 22. Qd4 Qxc6 23. Bb5 Qe6 24. b4 Nb7 25. Bc4 Qg6 26. Bd5 a5 27. e5 axb4 28. axb4 Qxc2 29. Be4 Qb2 30. Bd5 Ra1 31. Qe4 Nd8 32. Qe1 Rxd1 33. Nxd1 Qxb4 0-1

[Event "Caracas Torbin op"]
[Site "Caracas"]
[Date "2014.12.20"]
[Round "4"]
[White "Mora Ramirez, Maximo Antonio"]
[Black "Guerra Verano, Diana"]
[Result "1-0"]
[WhiteElo "2038"]
[BlackElo "1617"]
[PlyCount "55"]
[EventDate "2014.12.18"]
[EventType "swiss"]
[EventRounds "7"]
[EventCountry "VEN"]
[SourceTitle "CBM 164 Extra"]
[Source "ChessBase"]
[SourceDate "2015.03.02"]
[SourceVersion "1"]
[SourceVersionDate "2015.03.02"]
[SourceQuality "1"]

1. e4 c5 2. Nf3 e6 3. Nc3 a6 4. d4 cxd4 5. Nxd4 Qc7 6. g3 Nf6 7. Bg2 Bb4 8. Nde2 d6 9. 0-0 Nbd7 10. a3 Bc5 11. b3 Rb8 12. Na4 Ba7 13. c4 b5 14. cxb5 axb5 15. Nac3 b4 16. axb4 Rxb4 17. Ba3 Rb6 18. Rc1 Nc5 19. b4 Ncd7 20. Nd5 Qd8 21. Nxb6 Nxb6 22. b5 d5 23. exd5 Nbxd5 24. Qa4 Bb6 25. Rfd1 Bb7 26. Nd4 Qa8 27. Qxa8+ Bxa8 28. Rc8+ 1-0

[Event "Caracas Torbin op"]
[Site "Caracas"]
[Date "2014.12.20"]
[Round "5"]
[White "Mora Ramirez, Maximo Antonio"]
[Black "Leal Ortega, Jose del Carmen"]
[Result "1-0"]
[WhiteElo "2038"]
[BlackElo "1701"]
[PlyCount "97"]
[EventDate "2014.12.18"]
[EventType "swiss"]
[EventRounds "7"]
[EventCountry "VEN"]
[SourceTitle "CBM 164 Extra"]
[Source "ChessBase"]
[SourceDate "2015.03.02"]
[SourceVersion "1"]
[SourceVersionDate "2015.03.02"]
[SourceQuality "1"]

1. e4 e6 2. Qe2 b6 3. b3 Bb7 4. Bb2 Nf6 5. Nc3 Nc6 6. e5 Nd5 7. Nxd5 exd5 8. a3 a5 9. Qf3 Qe7 10. Qxd5 0-0-0 11. 0-0-0 g6 12. Nf3 Bg7 13. Re1 Rhe8 14. Bb5 Na7 15. Ba6 c6 16. Qd3 Bxa6 17. Qxa6+ Kb8 18. Qxb6+ Ka8 19. Qxa5 Rb8 20. Bd4 Rb7 21. Bc5 Qe6 22. Re4 Bf8 23. Bxf8 Rxf8 24. Ra4 Rfb8 25. Re1 f5 26. Nd4 Qd5 27. Qxd5 cxd5 28. e6 dxe6 29. Rxe6 Rb6 30. Nc6 Rxc6 31. Rxc6 Kb7 32. Rd6 Nc6 33. Rxd5 Re8 34. Kd1 Re7 35. Rb5+ Kc7 36. Rc4 Kd6 37. Rb6 Rc7 38. d4 Kd7 39. Rcxc6 Rxc6 40. Rxc6 Kxc6 41. c4 g5 42. b4 h5 43. g3 Kd6 44. a4 Ke6 45. a5 f4 46. gxf4 g4 47. Ke2 Kf5 48. Ke3 h4 49. a6 1-0

[Event "VEN-ch qual 2nd Cojedes"]
[Site "San Carlos"]
[Date "2014.08.16"]
[Round "6"]
[White "Rincon Sequeda, Jose Omar"]
[Black "Mora Ramirez, Maximo Antonio"]
[Result "1-0"]
[WhiteElo "2107"]
[BlackElo "2096"]
[PlyCount "43"]
[EventDate "2014.08.14"]
[EventType "swiss"]
[EventRounds "7"]
[EventCountry "VEN"]
[SourceTitle "EXT 2018"]
[Source "ChessBase"]
[SourceDate "2017.10.13"]
[SourceVersion "1"]
[SourceVersionDate "2017.10.13"]
[SourceQuality "1"]

1. c4 Nf6 2. Nf3 g6 3. Nc3 Bg7 4. g3 0-0 5. Bg2 d6 6. d4 c6 7. 0-0 Qa5 8. Qc2 Qh5 9. Re1 Bh3 10. Bh1 Bg4 11. Nd2 Nbd7 12. f3 Bh3 13. e4 Nd5 14. Nb3 Nb4 15. Qe2 f5 16. a3 Na6 17. exf5 gxf5 18. Qe6+ Qf7 19. Qxd7 Qxc4 20. Qe6+ Qxe6 21. Rxe6 Kf7 22. Re2 1-0

[Event "VEN-ch qual 2nd Cojedes"]
[Site "San Carlos"]
[Date "2014.08.15"]
[Round "4"]
[White "Mora Ramirez, Maximo Antonio"]
[Black "Castaneda, Reinaldo"]
[Result "0-1"]
[WhiteElo "2096"]
[BlackElo "2017"]
[PlyCount "92"]
[EventDate "2014.08.14"]
[EventType "swiss"]
[EventRounds "7"]
[EventCountry "VEN"]
[SourceTitle "EXT 2018"]
[Source "ChessBase"]
[SourceDate "2017.10.13"]
[SourceVersion "1"]
[SourceVersionDate "2017.10.13"]
[SourceQuality "1"]

1. Nf3 c5 2. b3 d5 3. e4 d4 4. Ne5 Nd7 5. Bb5 Ngf6 6. Qf3 a6 7. Bxd7+ Bxd7 8. Nxd7 Qxd7 9. d3 Qg4 10. Nd2 Qxf3 11. Nxf3 g6 12. h3 Bg7 13. g4 0-0 14. Ke2 Nxe4 15. Ba3 Nc3+ 16. Kd2 b6 17. Rhe1 f6 18. Re6 Nd5 19. h4 Bh6+ 20. Ke1 Kf7 21. Rc6 Rac8 22. Rxc8 Rxc8 23. g5 Bg7 24. Bc1 Nb4 25. Kd1 Nd5 26. Bd2 f5 27. a3 e5 28. Be1 e4 29. Nd2 Re8 30. Nc4 Bf8 31. a4 Ke6 32. Nb2 Kd7 33. dxe4 fxe4 34. Ke2 Bd6 35. Kf1 Rf8 36. Nc4 Bc7 37. Kg2 Kc6 38. Bd2 Re8 39. Rh1 b5 40. Nb2 Rf8 41. Nd1 Bf4 42. Be1 bxa4 43. bxa4 Rb8 44. f3 e3 45. Bg3 Rb1 46. c4 dxc3 0-1